Tu cuerpo y sangre, Señor!: homilías y meditaciones eucarísticas
Saved in:
| Hovedforfatter: | |
|---|---|
| Format: | Bog |
| Sprog: | spansk |
| Udgivet: |
Madrid
EDIBESA
2004
|
| Serier: | Vida y Misión, 108
|
| Fag: | |
| Tags: |
Tilføj Tag
Ingen Tags, Vær først til at tagge denne postø!
|
MARC
| LEADER | 00000nam a2200000 a 4500 | ||
|---|---|---|---|
| 001 | UCK3158 | ||
| 003 | CL-VaPUC | ||
| 008 | 050415e20040000SP |||||||||||||||||spa|d | ||
| 020 | |a 8484074765 | ||
| 082 | 0 | 4 | |a 234.163 |b APA |2 21 |
| 100 | 0 | |a Aparicio Sánchez, Gonzalo |e author |9 491139 | |
| 245 | 1 | 0 | |a Tu cuerpo y sangre, Señor!: homilías y meditaciones eucarísticas |
| 300 | |a 478 p | ||
| 942 | |c BK | ||
| 945 | |d 20050415 00:00:00 |a cmena | ||
| 260 | |a Madrid |b EDIBESA |c 2004 | ||
| 650 | 0 | |a Eucaristía |9 257336 | |
| 650 | 0 | |a Vida cristiana |9 258753 | |
| 650 | 0 | |a Creencia Religiosa |9 316904 | |
| 650 | 0 | |a Teología cristiana |9 308336 | |
| 583 | |a last modification |c 20050415 00:00:00 |k Rodrigo Vera | ||
| 490 | 0 | |a Vida y Misión, 108 | |
| 999 | |c 312425 |d 312423 | ||
| 952 | |0 0 |1 0 |4 0 |6 234_163000000000000_APA_2004 |7 0 |8 A |9 382780 |a BIBTEO |b BIBTEO |d 2019-11-21 |i 4104404 |o 234.163 APA 2004 |p 4104404 |r 2025-01-17 |w 2019-11-21 |y BK |k ICR | ||